Miscellaneous observations relating to education more especially, as it especially as it respects the conduct of mind
Guardat en:
| Autor principal: | |
|---|---|
| Format: | Llibre |
| Idioma: | anglès |
| Publicat: |
Cambridge University Press
2013
|
| Etiquetes: |
Afegir etiqueta
Sense etiquetes, Sigues el primer a etiquetar aquest registre!
|
MARC
| LEADER | 00000nam a22000007a 4500 | ||
|---|---|---|---|
| 008 | 211230b ||||| |||| 00| 0 eng d | ||
| 020 | |a 9781108064408 | ||
| 100 | |a PRIESTLEY, Joseph | ||
| 245 | |a Miscellaneous observations relating to education |b more especially, as it especially as it respects the conduct of mind |c Joseph Priestly |g xxv, 333p | ||
| 260 | |b Cambridge University Press |c 2013 |h New York |i 699325 |i 69926 |l LB575.93 |m Education | ||
| 942 | |a lcc |c BK |e Johnson |f 30/12/21 | ||
| 952 | |0 0 |1 0 |2 lcc |4 0 |6 LB0575 P93 |7 0 |9 4039 |a ED |b HOL |c LP |d 2021-12-30 |l 0 |o LB575.P93 |p 2021-67762 |r 2021-12-30 00:00:00 |t 699325 |w 2021-12-30 |y BK | ||
| 952 | |0 0 |1 0 |2 lcc |4 0 |6 LB0575 P93 |7 0 |9 4040 |a HOL |b HOL |c LP |d 2021-12-30 |l 0 |o LB575.P93 |p 2021-67763 |r 2021-12-30 00:00:00 |t 699326 |w 2021-12-30 |y BK | ||
| 999 | |c 2029 |d 2029 | ||